Estructura, lógica y diseño de programas /
Guardado en:
| Autor Principal: | |
|---|---|
| Formato: | Libro |
| Idioma: | Spanish English |
| Publicado: |
Madrid :
Paraninfo,
1986.
|
| Etiquetas: |
Agregar Etiqueta
Sin Etiquetas, Sea el primero en etiquetar este registro!
|
| LEADER | 00597nam a22001815a 4500 | ||
|---|---|---|---|
| 001 | MAT.inmabb004853 | ||
| 008 | 080722s1986####sp#a#####b####000#0#spa#d | ||
| 005 | 20130314130356.0 | ||
| 245 | 1 | 0 | |a Estructura, lógica y diseño de programas / |c Alan Cohen. |
| 260 | |a Madrid : |b Paraninfo, |c 1986. | ||
| 300 | |a 338 p. : |b il. ; |c 22 cm. | ||
| 500 | |a Traducción de: Structure, logic, and program design. Wiley, c1983. | ||
| 504 | |a Bibliografía: p. [333]. | ||
| 020 | |a 842831442X | ||
| 100 | 1 | |a Cohen, Alan, |d 1939- | |
| 084 | |a 68-01 (68N01) |2 msc2000 | ||
| 041 | 1 | |a spa |h eng | |
| 859 | |h 68 |i C678 |p A-6059 |b BIB. MATEMATICA | ||
